LEADER 01328nam0 22002891i 450 001 UON00121982 005 20231205102721.323 100 $a20020107d1966 |0itac50 ba 101 $aeng 102 $aUS 105 $a|||| 1|||| 200 1 $aResearch on the Bureaucracy of Pakistan$ea critique of sources, conditions, and issues with appended documents$fRalph Braibanti 210 $aDurham$cDuke University Commonwealth Research Center$d1966 215 $aXXV, 569 p.$d22 cm 410 1$1001UON00121973$12001 $aDuke University Commonwealth Studies Center Publications$v26 410 1$1001UON00121980$12001 $aProgram in Comparative Studies on Southern Asia$v1 606 $aPAKISTAN$xPOLITICA E SOCIETA'$3UONC011191$2FI 620 $aGB$dDurham$3UONL005287 686 $aSI XV$cSUBCONT. INDIANO - DIRITTO, LEGISLAZIONE, GIURISPRUDENZA$2A 700 1$aBRAIBANTI$bRalph$3UONV017919$0667214 712 $aDuke University Press$3UONV246595$4650 801 $aIT$bSOL$c20240220$gRICA 899 $aSIBA - SISTEMA BIBLIOTECARIO DI ATENEO$2UONSI 912 $aUON00121982 950 $aSIBA - SISTEMA BIBLIOTECARIO DI ATENEO$dSI SI XV 014 $eSI SA 33753 5 014 996 $aResearch on the Bureaucracy of Pakistan$91316616 997 $aUNIOR